| 000 | 00897nam a2200229 i 4500 | ||
|---|---|---|---|
| 001 | bg | ||
| 100 | 1 | _aSZCZUPACZYŃSKI, Jerzy. | |
| 245 | 0 | 0 |
_aAnatomia zarządzania organizacją / _cJerzy Szczupaczyński. |
| 260 |
_aWarszawa : _bMiędzynarodowa Szkoła Menedżerów, _c1998. |
||
| 300 |
_a207, [1] s. : _brys., wykr. ; _c26 cm. |
||
| 500 | _aNa okł. i s. tyt. dod. do tyt.: umiejętości menedżera, budowa struktur organizacyjnych, kształtowanie strategii firmy, skuteczne motywowanie pracowników, przywództwo w organizacjach gospodarczych, komunikowanie się w grupie, zarządzanie zasobami ludzkimi. | ||
| 650 | 9 |
_aZarządzanie _xmetody |
|
| 650 | 9 |
_aOrganizacja _xmetody |
|
| 655 | _aPodręczniki | ||
| 020 | _a8386891254 | ||
| 040 | _cBPK | ||
| 041 | 0 | _apol | |
| 080 | _a65.012/.014(07) | ||
| 920 | _a83-86891-25-4 | ||
| 942 | _cKS | ||
| 008 | s pl f |000 0 pol | ||
| 999 |
_c32387 _d32387 |
||
| 856 |
_uhttp://koha.tu.koszalin.pl/cgi-bin/koha/opac-detail.pl?biblionumber=32387 _yKatalog online BPK |
||